Trenčianska Turná monografia obce 2. časť

Bibliographic Details
Other Authors: Horňák, Rudolf (Compiler)
Format: Book
Language:Slovak
PhysicalDescription:168 s., [22] s. čiast. fareb. obr. príl. fotografie, ilustrácie, mapy, tabuľky 22 cm
Published: Trenčianska Turná Obecný úrad [1999]
ISBN:809682130X
Subjects:

MARC

LEADER 00000cam a2200000 a 4500
001 vtls001374423
003 SK-MaSNL
005 20260331204353.0
008 240226s1999 xo oab grn 000 0 slo
015 |a SNBA2000/06-01859 
020 |a 809682130X  |q (viazané) 
035 |a SNK000328306 
040 |a SNK  |b slo  |c SNK  |e AACR2 
041 0 |a slo 
043 |a e-xo--- 
044 |a xo  |c SK 
072 7 |a 911  |x Všeobecná geografia. Systematická geografia  |2 konspekt 
080 |a 911.373  |2 2011 
080 |a 437.641  |2 2011 
080 |a (082.2)  |2 2011 
100 1 |a Horňák, Rudolf  |4 com  |9 357987 
245 1 0 |a Trenčianska Turná  |b monografia obce  |n 2. časť  |c zostavil: Rudolf Horňák 
260 |a Trenčianska Turná  |b Obecný úrad  |c [1999] 
300 |a 168 s., [22] s. čiast. fareb. obr. príl.  |b fotografie, ilustrácie, mapy, tabuľky  |c 22 cm 
500 |a Vydané pri príležitosti 730. výr. prvej písomnej zmienky o obci 1269-1994 
504 |a Obsahuje bibliografické odkazy 
648 7 |a 1269-1994  |2 SNKPH  |9 376189 
650 0 7 |a obce  |2 SNKPH  |9 2935 
650 0 7 |a Municipalities  |2 SNKPHeng  |9 266969 
651 7 |a Trenčianska Turná (Slovensko)  |2 SNKPHgeo  |9 169374 
651 7 |a Trenčianska Turná (Slovakia)  |2 SNKPHeng  |9 376190 
655 7 |a jubilejné publikácie  |2 SNKPH  |9 70339 
655 7 |a Jubilee books  |2 SNKPHeng  |9 281827 
919 |a 80-968213-0-X 
954 |a odborná, vedecká literatúra pôvodná (slovenská)  |2 lita 
958 |a OND 
958 |a NB 
958 |a SK 
958 |a EUIPO 
999 |c 808608  |d 810538 
952 |t P60, <03>, [BOOK], {603}  |a SNK  |b SNK  |y PREZ  |7 0  |p 17A0214166  |o snkSC 86394/2  |i snkKSP 10024/99  |8 0  |0 0  |1 0  |4 0  |d 1999-10-13  |f 1  |l 0  |r 2005-01-02 00:00:00  |w 2026-02-24 
952 |t P60, <04>, [BOOK], {604}  |a SNK  |b SNK  |y VYP  |7 0  |p 17A0214167  |o snkSC 86394/2 D1  |i snkKSP 10025/99  |8 0  |0 0  |1 0  |4 0  |d 1999-10-13  |l 0  |r 2005-01-02 00:00:00  |w 2026-02-24